| 000 | 00684nam a2200205 i 4500 | ||
|---|---|---|---|
| 001 | 95217 | ||
| 003 | ES-MaACL | ||
| 005 | 20230906181646.0 | ||
| 007 | t| | ||
| 008 | 050524s1931 fr ||||1| fre d | ||
| 100 | 1 |
_aLuquet, Georges-Henri. _974839 |
|
| 245 | 1 | 0 |
_aLogique, morale, métaphysique / _cpar G.-H. Luquet. |
| 260 |
_aParis : _bF. Alcan, _c1931. |
||
| 300 |
_a362 p. ; _c22 cm. |
||
| 490 | 1 |
_aManuel de philosophie ; _v1 |
|
| 505 | 8 | _aEs el v. 1 de: Manuel de philosophie : classe de philosophie et de première supérieure / par P. Guillaume et G.-H. Luquet | |
| 830 | 0 |
_aManuel de philosophie ; _v1 _9232175 |
|
| 852 |
_aES-MaACL _jA-1248 |
||
| 999 |
_c95217 _d95217 |
||